000 00531nam a22002177a 4500
005 20210427065323.0
008 210304s2011 ||||| |||| 00| 0 eng d
020 _q1618930028
020 _q9781618930026
040 _aeng
_cDLC
041 _aeng
082 _a070
_bT-58
110 _91231
_aTime
245 _aTime / Steve Jobs / Special Commemorative Issue
_c/ by: Time
260 _bTime
_c2011
300 _a96 p.
_bill.
365 _b11.99 usd
650 0 _91229
_aPress
653 _aპრესა
942 _2udc
_cMP
999 _c1890
_d1890